000 00419nam a2200181Ia 4500
001 20125
005 20260306172743.0
008 260306t2004||||xx |||||||||||||| ||spa||
041 _aESP
082 _a342.511L
_bV23 V. 2
100 _aValle-Riestra, Javier
_eAUT
245 0 _aTratado de la extradición
260 _c2004
300 _a
_c20 cm.
650 _aGEN
654 _aCDE
942 _cLIB
_dJUS
_fJUS
_2ddc
_n
999 _c20125
_d20125